Introducing Erik Erikson : an invitation to his thinking /

Bibliographic Details
Main Author: Gross, Francis L.
Format: Book
Language:English
Published: Lanham, MD : University Press of America, [1987]
Subjects:

MARC

Tag First Indicator Second Indicator Subfields
LEADER 00000cam a2200000 a 4500
001 in00000032131
005 20151007055043.0
008 861022s1987 mdu b 00110 eng
010 |a  86029025  
020 |a 0819157880 (alk. paper) :  |c $23.50 
020 |a 0819157899 (pbk. : alk. paper) :  |c $10.75 
035 |a (OCoLC)14692950 
035 |9 AAB7097AM 
040 |a DLC  |c DLC  |d m/c  |d TXA  |d UtOrBLW 
049 |a TXAM  |c [A11504909] 
050 0 0 |a BF713.5  |b .G76 1987 
082 0 |a 155  |2 19 
100 1 |a Gross, Francis L. 
245 1 0 |a Introducing Erik Erikson :  |b an invitation to his thinking /  |c Francis L. Gross, Jr. 
264 1 |a Lanham, MD :  |b University Press of America,  |c [1987] 
264 4 |c ©1987 
300 |a xiv, 148 pages ;  |c 23 cm. 
336 |a text  |b txt  |2 rdacontent 
337 |a unmediated  |b n  |2 rdamedia 
338 |a volume  |b nc  |2 rdacarrier 
504 |a "List of books and films": pages 125-135. 
504 |a "Books and articles by Erik Erikson": pages 137-138. 
504 |a Includes bibliographies and index. 
650 0 |a Developmental psychology. 
650 0 |a Self. 
600 1 0 |a Erikson, Erik H.  |q (Erik Homburger),  |d 1902-1994. 
999 |a MARS 
999 f f |s 456824ed-57ca-369e-a383-d4535e45e882  |i ac9823aa-e090-31b8-b310-c50385788782  |t 0 
952 f f |p ric  |a Texas A&M University  |b Rellis Campus  |c Joint Library Facility  |d Remote Storage  |t 0  |e BF713.5 .G76 1987  |h Library of Congress classification  |i unmediated -- volume  |m A14811504909 
998 f f |a BF713.5 .G76 1987  |t 0  |l Remote Storage